Mastering SolidWorks : Practical Examples /

1) Introducción al dibujo; 2) Acotación y relaciones de croquis básicos; 3) Modelado de piezas mediante funciones; 4) Entidades de croquis; 5) Características que incluyen cortes; 6) Características delgadas; 7) Introducción a la chapa; 8) Funciones avanzadas en chapa metálica; 9) Ensamblajes; 10) C...

Descripció completa

Guardat en:
Dades bibliogràfiques
Autor principal: Kumar, Kaushik (autor)
Altres autors: Zindani, Divya (autor) (autor), Davim, J. Paulo (autor) (autor)
Format: Llibre
Idioma:anglès
Publicat: Cham, Suiza : Springer, 2020, c2020
Col·lecció:(Management and Industrial Engineering)
Matèries:
Accés en línia:Ver documento en línea
Etiquetes: Afegir etiqueta
Sense etiquetes, Sigues el primer a etiquetar aquest registre!

MARC

LEADER 00000nam^a2200000^a^4500
001 000585830
005 20251023000000.0
009 20260310132738.693
020 |a 978-3-030-38901-7 
037 |a Acervo ITESO - Biblioteca 
041 |a ING 
082 |a 620. 00420285  |b KUM 
100 |a Kumar, Kaushik  |e (autor) 
245 1 0 |a Mastering SolidWorks :  |b Practical Examples /  |c K. Kumar, D. Zindani, J.P. Davim. 
264 4 |a Cham, Suiza :  |b Springer,  |c 2020, c2020 
264 2 |a Cham, Suiza :  |b Springer Link [distribución],  |c 2020 
300 |a 1 libro electrónico en línea (XIV, 316 p.) 
300 |a 1 recurso en línea 
336 |a datos para computadora  |b cod  |2 rdacontenido 
337 |a computadora  |b c  |2 rdamedio 
338 |a recurso en línea  |b cr  |2 rdasoporte 
440 1 |a (Management and Industrial Engineering) 
506 0 |a Licencias ilimitadas 
520 |a 1) Introducción al dibujo; 2) Acotación y relaciones de croquis básicos; 3) Modelado de piezas mediante funciones; 4) Entidades de croquis; 5) Características que incluyen cortes; 6) Características delgadas; 7) Introducción a la chapa; 8) Funciones avanzadas en chapa metálica; 9) Ensamblajes; 10) Continuación del ensamblaje; 11) Conceptos básicos del dibujo; 12) Para crear un acoplamiento de tipo brida; 13) Para crear un apoyo para los pies. 
521 |a 2024 BO Licenciatura en Ingeniería en Biotecnología 
649 |a XX 
650 |a Computadoras en la Industria 
650 |a Gráficas por Computadora 
650 |a Paquetes (Software) 
650 |a Dibujo Técnico 
650 |a Tercera Dimensión -  |x Tema Principal 
650 |a Modelos (Metodología) 
650 |a Diseño Asistido por Computadora -  |x Tema Principal 
650 |a Diseño Industrial 
650 |a Ingeniería Mecánica 
650 |a Ingeniería Industrial 
650 |a Ingeniería 
700 |a Zindani, Divya  |e (autor) 
700 |a Davim, J. Paulo  |e (autor) 
856 4 0 |u https://link-springer-com.ezproxy.iteso.mx/book/10.1007/978-3-030-38901-7  |y Ver documento en línea 
910 |a Fondo General 
920 |a Electrónicos - Libros en Línea 
930 |a Plataforma Digital 
905 |a 205 
901 |a 585830-1  |b IT2  |c EBO  |i C185843  |u 20250521 
902 |a https://opac.biblio.iteso.mx/vufind/Record/000585830